000 00442nam a2200205Ia 4500
001 14357
003 GE_BSU
008 181216s||||||||xx |||||||||||||| ||und||
020 _a9780552136884
040 _cGE_BSU
080 _a821.111-32
100 _aGower,Iris
245 4 _aThe Oyster Catchers
260 _aLondon
260 _bCorgi books
260 _c1992
300 _a383p.18cm.
653 _aThe Oyster Catchers
942 _cBK
999 _c47493
_d47493